| 000 | 00345nam a2200145 a 4500 | ||
|---|---|---|---|
| 001 | 6026 | ||
| 003 | CDMR | ||
| 005 | 20151022113002.0 | ||
| 008 | 130220s2009||||||||||||||||||||||||||||d | ||
| 040 |
_aCDMR _bcat _cCPC LLEIDA |
||
| 110 | 2 |
_9264 _aCadena SER |
|
| 245 | 1 | 0 |
_aDies de la nostra rĂ dio _cCadena SER |
| 260 |
_bCadena SER _c2009 |
||
| 942 | _cMON | ||
| 999 |
_c6026 _d6026 |
||